| 000 | 00592nam a22001817a 4500 | ||
|---|---|---|---|
| 003 | LK-CoMWRAF | ||
| 005 | 20231201123114.0 | ||
| 008 | 230907b |||||||| |||| 00| 0 eng d | ||
| 040 |
_aLK-CoMWRAF _dLK-CoMWRAF _eLK-CoMWRAF |
||
| 041 | _asin | ||
| 082 |
_a782.42 _bDIA |
||
| 100 | _aඩයස්, සිඩ්නි මාකස් | ||
| 245 |
_aසිංදු මිහිර : _bළමා ගී |
||
| 246 | _aSindu mihira : Lamaa gee | ||
| 260 |
_aආණමඩුව : _bතෝතැන්න ප්රකාශන, |
||
| 700 |
_aගමගේ, ආනන්ද _eprod. |
||
| 942 | _cBK | ||
| 999 |
_c3455 _d3455 |
||